000 00416nam a2200181Ia 4500
001 657
005 20260306140534.0
008 260306t2013||||xx |||||||||||||| ||spa||
041 _aESP
082 _a128.2
_bG15
100 _aGallagher, Shaun
_eAUT
245 0 _aHow the body shapes the mind
260 _c2013
300 _a284 páginas :
_c23 cm.
650 _aGEN
654 _aCHU
942 _cLIB
_dJUS
_fJUS
_2ddc
_n
999 _c657
_d657